| 000 | 00355nam a22001217a 4500 | ||
|---|---|---|---|
| 020 | _a07-094258-7 | ||
| 082 | _a621.3 STO'E | ||
| 100 |
_aBIRCHAEL, G,STOTT, G. S _977334 |
||
| 245 | _aELECTRICAL ENGINEERING PRINCIPLES FOR ELECTRICAL TELECOMMUNICATIONS AND INSTALLATION TECHNICIANS | ||
| 260 |
_aLONDON _bMCGRAW HILL _c1969 |
||
| 300 | _a236P | ||
| 942 | _cBK | ||
| 999 |
_c582621 _d582621 |
||